La bruja de Portobello / (Registro nro. 7000)
[ vista simple ]
| 000 -LEADER | |
|---|---|
| fixed length control field | 00810nam a22002657a 4500 |
| 003 - CONTROL NUMBER IDENTIFIER | |
| control field | OSt |
| 005 - DATE AND TIME OF LATEST TRANSACTION | |
| control field | 20250411113234.0 |
| 008 - FIXED-LENGTH DATA ELEMENTS--GENERAL INFORMATION | |
| fixed length control field | 201030s2006 ck ||||er|||| 00| f spa d |
| 020 ## - INTERNATIONAL STANDARD BOOK NUMBER | |
| International Standard Book Number | 9789504915263 |
| 040 ## - CATALOGING SOURCE | |
| Original cataloging agency | CO-JMCR |
| Transcribing agency | CO-JMCR |
| 041 1# - LANGUAGE CODE | |
| Language code of text/sound track or separate title | spa |
| Language code of original | por |
| 082 04 - DEWEY DECIMAL CLASSIFICATION NUMBER | |
| Classification number | A-N |
| Item number | COEb |
| Edition number | 23 |
| 100 1# - MAIN ENTRY--PERSONAL NAME | |
| Personal name | Coelho, Paulo, |
| Relator term | autor |
| 9 (RLIN) | 12283 |
| 245 13 - TITLE STATEMENT | |
| Title | La bruja de Portobello / |
| Statement of responsibility, etc. | Paulo Coelho ; traducción de Ana Belén Costa |
| 250 ## - EDITION STATEMENT | |
| Edition statement | 1a.edición |
| 260 ## - PUBLICATION, DISTRIBUTION, ETC. | |
| Place of publication, distribution, etc. | Bogotá : |
| Name of publisher, distributor, etc. | Planeta, |
| Date of publication, distribution, etc. | 2006 |
| 300 ## - PHYSICAL DESCRIPTION | |
| Extent | 291 páginas ; |
| Dimensions | 20 cm. |
| 500 ## - GENERAL NOTE | |
| General note | Título original : A bruxa de Portobello. |
| 546 ## - LANGUAGE NOTE | |
| Language note | Traducido del portugués |
| 650 14 - SUBJECT ADDED ENTRY--TOPICAL TERM | |
| Topical term or geographic name entry element | Novela brasileña |
| 9 (RLIN) | 7535 |
| 650 14 - SUBJECT ADDED ENTRY--TOPICAL TERM | |
| Topical term or geographic name entry element | Magia |
| Form subdivision | novela |
| 9 (RLIN) | 12284 |
| 650 14 - SUBJECT ADDED ENTRY--TOPICAL TERM | |
| Topical term or geographic name entry element | Brujas |
| Form subdivision | novela |
| 9 (RLIN) | 12285 |
| 700 1# - ADDED ENTRY--PERSONAL NAME | |
| Personal name | Costa, Ana Belén, |
| Relator term | traductor |
| 9 (RLIN) | 12286 |
| 942 ## - ADDED ENTRY ELEMENTS (KOHA) | |
| Source of classification or shelving scheme | Dewey Decimal Classification |
| Koha item type | Books |
| Withdrawn status | Lost status | Source of classification or shelving scheme | Damaged status | Not for loan | Collection code | Home library | Current library | Date acquired | Source of acquisition | Total Checkouts | Total Renewals | Full call number | Barcode | Date last seen | Date last checked out | Copy number | Price effective from | Koha item type |
|---|---|---|---|---|---|---|---|---|---|---|---|---|---|---|---|---|---|---|
| Dewey Decimal Classification | Non-fiction | Biblioteca Pública José María del Castillo y Rada | Biblioteca Pública José María del Castillo y Rada | 10/02/2020 | Donación | 8 | 8 | A-N COEb | 201810290 | 04/23/2026 | 03/05/2026 | Ej.1 | 10/30/2020 | Books |